| 000 | 00347 a2200157 4500 | ||
|---|---|---|---|
| 001 | 56847 | ||
| 020 | _a8535704345 | ||
| 040 | _cAnchieta - Pituba | ||
| 100 | _aGarcia, Edson Gabriel | ||
| 240 | 1 | 0 |
_aCochichos e sussurros _lpor |
| 245 | 1 | 0 | _aCochichos e sussurros |
| 300 | _a72 | ||
| 362 | 0 | _a2005 | |
| 650 | 4 | _aLiteratura juvenil | |
| 942 | _cBK | ||
| 999 |
_c56847 _d56847 |
||